[Event "London FIDE GP 1st"]
[Site "London"]
[Date "2012.09.27"]
[Round "6"]
[White "Kasimdzhanov, Rustam"]
[Black "Mamedyarov, Shakhriyar"]
[Result "0-1"]
[WhiteElo "2684"]
[BlackElo "2729"]
[Annotator "Krasenkow,M"]
[PlyCount "90"]
[EventDate "2012.09.21"]
[EventType "tourn"]
[EventRounds "11"]
[EventCountry "ENG"]
[EventCategory "20"]
[SourceTitle "CBM 151"]
[Source "ChessBase"]
[SourceDate "2012.11.13"]
[SourceVersion "1"]
[SourceVersionDate "2012.11.13"]
[SourceQuality "1"]

1. d4 d5 2. c4 c6 3. Nc3 Nf6 4. e3 e6 5. Nf3 Nbd7 6. Bd3 dxc4 7. Bxc4 b5 8. Bd3
b4 9. Ne4 Nxe4 10. Bxe4 Bb7 11. Nd2 {White tries to exploit Black's unusual
move order (with an early ...b4 and exchange on e4).} (11. O-O {leads to the
common line.}) 11... Rc8 {I don't like this move as it is not clear yet
whether Black's rook should be on c8 or b8.} (11... Be7 12. O-O O-O (12... Qc7
13. b3 O-O 14. Bb2 f5 15. Bf3 e5 16. Nc4 $1 e4 17. Be2 c5 18. Rc1 (18. d5 Bd6 {
!}) 18... Rad8 19. Qc2 $14 {1-0 Tukmakov,V (2575)-Mikhalchishin,A (2480)/
Frunze 1979/MCL (34)}) 13. b3 (13. Nc4 Qc7 14. b3 c5 {1/2 Atalik,S (2598)
-Sveshnikov,E (2541)/Vrnjacka Banja 1999/EXT 2000}) (13. Nb3 Qb6 14. Qc2 g6 15.
a3 bxa3 16. bxa3 c5 17. Bxb7 Qxb7 18. Rb1 Qc8 19. dxc5 {1/2 Savon,V (2570)-Ree,
H (2430)/Wijk aan Zee 1972/MCD}) 13... Nf6 14. Bf3 Nd5 15. Bb2 (15. Ne4 f5 16.
Nc5 Bxc5 17. dxc5 Nc3 $11) 15... c5 16. dxc5 (16. Ne4 Ba6 {[%cal Yc5c4]} 17.
Be2 Bxe2 18. Qxe2 cxd4 19. Bxd4 f5 20. Nc5 Qd6 21. Rac1 e5 22. Bb2 Rac8 $11 {
1/2 Jussupow,A (2605)-Romanov,E (2520)/Dresden 2007/CBM 118 (59)}) 16... Bxc5
17. Nc4 Qe7 18. Rc1 Rac8 19. Rc2 Rfd8 $11 {1/2 Polugaevsky,L (2625)-Sveshnikov,
E/Moscow 1973/URS-ch (36)}) (11... Qc7 $5 12. a3 (12. O-O Bd6 13. a3 Ba6 14.
Re1 Bxh2+ 15. Kh1 Bd6 16. axb4 Bb5 $11 {1/2 Savina,A (2407)-Girya,O (2365)/
Dagomys 2010/CBM 136 Extra (35)}) 12... c5 13. Qf3 {1/2 Gutov,A (2412)
-Gordievsky,D (2397)/Sochi 2012/CBM 148 (44)} Rb8 $11) 12. a3 (12. O-O Qc7 13.
Nc4 Be7 14. a3 bxa3 15. b3 Nf6 16. Bf3 O-O 17. Bxa3 c5 18. dxc5 Bxc5 $11 {
1-0 Rogoff,K (2445)-Commons,K (2420)/Chicago 1974/MCD (42)}) 12... bxa3 13. O-O
(13. b3 {is more typical and logical. If} Qa5 {then} 14. O-O {[%cal Yd2c4]})
13... Ba6 14. Re1 Bd6 (14... Bb4 $142 15. bxa3 Ba5 $11 {[%cal Yc6c5]}) 15. b3
Qe7 16. Nc4 $1 $14 {White has got the kind of position indicated in
annotations to move 13.} Bxc4 17. bxc4 O-O (17... Bxh2+ 18. Kxh2 Qh4+ 19. Kg1
Qxe4 20. f3 Qg6 21. Bxa3 $44 {[%csl Re8]}) 18. Qd3 f5 19. Bf3 e5 {The right
plan. Black creates kingside counterplay.} (19... c5 20. Bxa3 $14) 20. c5 Bb8
21. Bxa3 $6 {[%csl Ra3]} (21. Qd1 $142 $1 {[%cal Ya1a3] The c1-bishop will
control the f4-square preventing ...f5-f4; additionally, White prevents ...
h7-h5:} e4 22. Be2 Nf6 23. Rxa3 $14) 21... e4 22. Qb3+ Kh8 23. Be2 {[%csl Ra7,
Rc6]} Nf6 (23... f4 $5 $132) 24. Rab1 (24. Bc1 $1 h5 $132) 24... h5 (24... f4
$1) 25. Qb7 (25. g3 $5 h4 26. Rb2 Ng4 27. Reb1 $13) 25... Qe8 26. Rb3 (26. g3
h4 $40) 26... f4 $1 {[%mdl 128] Finally!} 27. Reb1 $2 (27. exf4 {was a must
although Black has a good position after} Bxf4 {[%cal Ye4e3] Then} 28. Rh3 e3
29. f3 {needs checking.}) 27... f3 $1 28. Bf1 (28. gxf3 Qg6+ 29. Kh1 exf3 30.
Bxf3 Ne4 $19) 28... Bc7 (28... fxg2 $5 29. Bxg2 Ng4 30. h3 Nxf2 31. Qxb8 $1
Rxb8 32. Rxb8 Qf7 33. Rxf8+ Qxf8 34. Rf1 Nxh3+ 35. Bxh3 Qb8 $17 {[%cal Rb8g3]})
29. Qa6 ({After} 29. g3 Qe6 {[%cal Yh5h4] White will not be able to protect
his king in the long run.}) 29... Qg6 $2 (29... fxg2 30. Bxg2 Ng4 {was even
stronger now, e.g.} 31. h3 Nxf2 32. Rf1 Nxh3+ 33. Bxh3 Qg6+ 34. Bg2 Qg3 $19)
30. h3 Nh7 {Of course, Black's attack continues but White has more defensive
resources now.} 31. d5 $1 Ng5 32. Kh1 Be5 33. Bb2 $1 Bxb2 34. R3xb2 Qf5 35. d6
Qxc5 36. Rd1 $2 (36. h4 $1 fxg2+ 37. Bxg2 Nf7 $1 (37... Nf3 38. Bxf3 exf3 39.
Rg1 Qxd6 40. Rg5 $132) 38. d7 Rcd8 39. Bxe4 Qe7 40. f3 Ne5 41. Rf1 Rxd7 42. Rg2
{White has consolidated his position and keeps drawing chances.}) 36... Rcd8 $2
(36... fxg2+ 37. Bxg2 Rcd8) 37. d7 $2 (37. g3 Rxd6 38. Rxd6 Qxd6 39. Rb5 $1 Qf6
40. Rc5 $132) 37... Qe5 38. Rbd2 fxg2+ {Finally. The rest is easy.} 39. Bxg2
Nf3 40. Bxf3 Rxf3 41. Qf1 Qf5 42. Qg2 Rxh3+ 43. Kg1 Rh4 44. Kf1 a5 45. Rd4 a4
0-1

[Event "Dortmund SuperGM 35th"]
[Site "Dortmund"]
[Date "2007.06.30"]
[Round "6"]
[White "Gelfand, Boris"]
[Black "Leko, Peter"]
[Result "0-1"]
[WhiteElo "2733"]
[BlackElo "2738"]
[Annotator "Krasenkow,M"]
[PlyCount "130"]
[EventDate "2007.06.23"]
[EventType "tourn"]
[EventRounds "7"]
[EventCountry "GER"]
[EventCategory "20"]
[SourceTitle "CBM 119"]
[Source "ChessBase"]
[SourceDate "2007.08.01"]
[SourceVersion "1"]
[SourceVersionDate "2007.08.01"]
[SourceQuality "1"]

1. d4 d5 2. c4 c6 3. Nc3 Nf6 4. Nf3 e6 5. e3 Nbd7 6. Bd3 dxc4 7. Bxc4 b5 8. Bd3
Bd6 {The Zviagintsev system has attained some popularity. It is still unclear
how White can obtain an advantage.} 9. O-O O-O 10. Ne2 {Transfering the knight
to the kingside. White has a lot of other options:} (10. a3) (10. a4) (10. b3)
(10. Bd2 {(the most popular)}) (10. Qe2) (10. e4) (10. Ne4) (10. Ng5) (10. h3)
10... a6 {[%cal Yc6c5]} (10... Bb7 11. Ng3 a6 12. e4 e5 13. Re1 Re8 14. Bc2
exd4 15. Nxd4 Ne5 16. Bg5 Ng6 17. Ndf5 Be5 18. Qf3 h6 19. Be3 c5 20. Bxc5 Qc7
21. b4 Bxa1 22. Rxa1 $44 {1-0 Vitiugov,N-Sedlak,N/Moscow RUS 2007/The Week in
Chess 641 (34)}) (10... Re8 11. Ng3 g6 12. a4 bxa4 13. Rxa4 Bb7 14. e4 Be7 15.
Bd2 c5 16. Ba5 Qb8 17. e5 Bxf3 18. Qxf3 Nd5 19. Be4 Qb5 20. Bxd5 exd5 21. Rfa1
cxd4 22. Rxd4 Nxe5 23. Qxd5 a6 24. Bc3 Nc6 25. Rdd1 Qxd5 26. Rxd5 Bb4 27. Bxb4
{1/2-1/2 Nakamura,H-Ehlvest,J/Santo Domingo 2003/CBM 097 ext}) 11. e4 $6 {
This is apparently premature.} (11. a4 $142 Rb8 (11... Bb7 $5 12. Ng3) 12. axb5
(12. e4 e5 13. Bg5 (13. axb5 axb5 14. b4 $5) 13... c5 14. axb5 axb5 15. Ng3 $6
cxd4 16. Nf5 Nc5 17. N3h4 Ne6 18. Bd2 g6 19. Nxd6 Qxd6 20. Qb3 b4 $17 {0-1
Tonoian,A-Grachev,B/Moscow 2006/CBM 110 ext (32)}) 12... axb5 13. e4 e5 14. Ng3
(14. b4 $5) 14... exd4 15. Nxd4 Ne5 16. Be2 Bc5 17. Nb3 Bb6 18. Qxd8 Rxd8 19.
Bf4 Re8 20. Rfc1 h6 21. Na5 Bd7 22. Bxe5 Rxe5 23. Nxc6 Bxc6 24. Rxc6 Nxe4 25.
Rxb6 Rxb6 26. Ra8+ Kh7 27. f4 Nxg3 28. Bd3+ Rf5 29. hxg3 g6 30. Bxf5 gxf5 31.
Rd8 b4 32. b3 {1/2-1/2 Bareev,E-Grachev,B/Sochi 2006/CBM 111 ext}) 11... e5 {
[%mdl 32]} 12. Bg5 (12. Ng3 exd4 13. Nf5 {doesn't bring White enough of an
attack for the sacrificed pawn:} Ne5 14. Nxd6 Qxd6 15. Nxe5 Qxe5 16. f4 Qc7 17.
f5 Re8 18. Bf4 Qb6 19. e5 Nd5 20. Bg3 f6 21. Qh5 Bb7 22. Rae1 c5 23. Re4 fxe5
24. Bxe5 Nf6 25. Bxf6 Bxe4 $19 {0-1 Housieaux,D-Brunner,N/Marseille 2006/CBM
113 ext (31)}) (12. Be3 c5 $1 13. dxe5 Nxe5 14. Nxe5 Bxe5 15. Bxc5 Bxh2+ 16.
Kxh2 Qc7+ 17. Kg1 Qxc5 $15 {[%csl Rg1]}) 12... h6 13. Bh4 c5 $1 14. d5 c4 {
In this structure the white knight has nothing to do on e2.} 15. Bc2 Nc5 16.
Nd2 {[%cal Yb3b2]} g5 {This looks too bold but White has no pieces on the
kingside to make use of this weakening.} (16... Bd7 $5 {was a good alternative
keeping the ...g7-g5 option for the future:} 17. b3 cxb3 18. axb3 Qe7 {[%cal
Yf8c8,Ya6a5,Ya5a4]}) 17. Bg3 Nh5 18. b3 cxb3 19. Nxb3 Bg4 $5 {Black wants to
provoke f2-f3. In that case (apart from the general weakening of White's
position) after ...Nh5xg3 Ne2xg3 White will have no possibility of Qd1-h5.} 20.
Qd2 (20. Nxc5 Nxg3) (20. h3 $5 Nxg3 $5 21. fxg3 Bd7 {and then White can try to
make use of the f-file for counterplay.}) 20... Rc8 21. Nxc5 Rxc5 22. f3 $2 {
Meeting Black's expectations.} ({Again} 22. h3 $1 {is more appropriate.}) 22...
Nxg3 $1 23. Nxg3 Bd7 24. Nf5 Bxf5 25. exf5 Kg7 $17 {Black's queenside pawn
advantage is the determining factor in this position; besides, his blockading
bishop is more active than White's. White is completely passive and has no
counterplay whatsoever.} 26. Be4 Qb6 27. Kh1 b4 28. Qd1 Rfc8 29. Qa4 Kf6 30.
Rab1 Ra5 31. Qd7 (31. Qb3 {looks too gloomy.}) 31... Qc7 $1 (31... Rd8 $143 32.
Qc6 Qxc6 33. dxc6 Rxa2 34. Rfd1 $132) 32. Qxc7 Rxc7 $19 {[%mdl 4096] The
endgame is completely hopeless for White despite the opposite-coloured bishops.
} 33. Rf2 Ra3 34. g4 Rcc3 35. Rfb2 a5 36. Rb3 a4 37. Rxc3 Rxc3 38. Kg2 Bc5 39.
Kf1 b3 40. axb3 a3 41. Ra1 Rxb3 42. Ra2 Rc3 43. Ke2 Ke7 44. Kd1 Bd4 45. Kd2 f6
46. Bd3 Kd6 47. Be4 Kc5 48. h3 Kd6 49. Kd1 Bc5 50. Rc2 Rb3 51. Ra2 Bb4 52. Kc2
Re3 53. Kb1 Re1+ 54. Kc2 Re3 55. Kb1 Kc5 56. Rc2+ Bc3 57. Ka2 Kb4 58. Rc1 Re2+
59. Bc2 Rd2 60. Rb1+ Kc4 61. Rc1 Kb4 62. Rb1+ Bb2 63. Be4 Ka4 64. Rd1 Rf2 65.
Kb1 Kb3 0-1

[Event "Corus-B"]
[Site "Wijk aan Zee"]
[Date "2007.01.20"]
[Round "7"]
[White "L'Ami, Erwin"]
[Black "Smeets, Jan"]
[Result "1-0"]
[WhiteElo "2594"]
[BlackElo "2538"]
[Annotator "L'Ami,E"]
[PlyCount "95"]
[EventDate "2007.01.13"]
[EventType "match"]
[EventRounds "13"]
[EventCountry "NED"]
[EventCategory "14"]
[SourceTitle "CBM 119"]
[Source "ChessBase"]
[SourceDate "2007.08.01"]
[SourceVersion "1"]
[SourceVersionDate "2007.08.01"]
[SourceQuality "1"]

1. d4 d5 2. c4 c6 3. Nc3 Nf6 4. e3 e6 5. Nf3 Nbd7 6. Bd3 dxc4 7. Bxc4 b5 8. Bd3
Bb7 9. e4 b4 10. Na4 c5 11. e5 Nd5 12. Nxc5 Nxc5 13. dxc5 Bxc5 14. O-O h6 15.
Nd2 {As Jan and I have run into each other before once or twice, I decided to
suprise him with this line.} Qc7 ({Since there are problems in the line with
15...0-0 Black has been searching for alternatives of late. Personally I
believe} 15... Nc3 {(an old idea, first employed by Mecking) offers Black a
good game. The latest game confirms this verdict.} 16. Qc2 Qd5 17. Nf3 Rd8 18.
Ne1 Bd4 19. Bd2 Nb5 20. Nf3 (20. Bxb4 $5) 20... Bb6 21. Bc4 Qc5 22. Be3 Qc6 23.
Qe2 Nc7 24. Rac1 Bxe3 25. fxe3 O-O 26. Bd3 Qb6 27. Nd2 Ba6 28. Bxa6 {1/2-1/2
Mamedyarov-Gelfand, Moscow 2006}) 16. Re1 Rd8 ({Black's next two moves are Rd8
and Ne7 but the immediate} 16... Ne7 {gives White the extra option (besides 17.
Qg4 Rd8 transposing to the game) of} 17. Ne4 $5 {when} Qxe5 18. Be3 Bxe3 ({
after} 18... Bxe4 19. Bxe4 Qxe4 20. Bxc5 Qc6 21. Bxb4 Nd5 22. Ba3 {the king is
stuck on e8.}) 19. Nd6+ Kf8 20. Nxb7 Qd5 21. Rxe3 {(1/2-1/2
Sundararajan-Fridman, Pardubice 2005)} Qxb7 22. Be4 Nd5 23. Qf3 {should be
slightly better for White. After White restores the material balance by Rd1
and taking on d5 he still keeps some initiative thanks to his active pieces
and the position of the black king.}) 17. Qg4 Ne7 18. Qg3 $5 ({A novelty, the
previous game saw Black equalising quite comfortably} 18. Be4 Qb6 19. Qf3 Bd5
20. Bxd5 Rxd5 21. Nc4 Qa6 22. b3 O-O 23. Be3 Bxe3 24. Qxe3 Nf5 25. Qe2 Rfd8 $11
{/=/+ Kuzmin-Dreev, St Petersburg 2004}) 18... Kf8 ({Interesting are the
complications after} 18... O-O 19. Nb3 Kh8 (19... Ng6 20. Bxg6 fxg6 21. Nxc5
Qxc5 22. Bxh6 $1) 20. Bg5 $1 {and now:} Bb6 (20... Bxf2+ 21. Kxf2 Qb6+ 22. Be3
(22. Kf1 $4 Rxd3 $1 23. Qxd3 Ba6) 22... Rxd3 23. Bxb6 Rxg3 24. Kxg3 axb6 25.
Rac1 {with a clear edge for White.}) (20... Rxd3 $2 21. Qxd3 hxg5 22. Rac1 {
simply doesn't work.}) 21. Rac1 Qd7 22. Nc5 $1 (22. Bb5 Qxb5 23. Bxe7 Rd3 $1 {
gives Black the opportunity to take over.}) 22... Bxc5 23. Rxc5 a6 (23... Rc8
24. Bb5 $1) 24. Rcc1 {and because both bishops are immune White has the
advantage.}) ({Smeets later tried to improve here by playing} 18... a5 {
which worked out well after} 19. Nc4 Rd4 20. Nd6+ $6 Bxd6 21. Bb5+ Bc6 22. exd6
Qxd6 23. Be3 Qxg3 24. hxg3 {and Black was slightly better in De Jong-Smeets,
Hilversum 2007. Instead 20.b3 looks more reasonable, 20...h5 and only now 21.
Nd6+! Bxd6 22.exd6 Qxd6 23.Bb5+ Bc6 24.Bb2 and White wins back the pawn with a
slightly better position.}) 19. Nb3 Bb6 20. Bd2 Qd7 ({The alternative was} 
20... a5 21. Rac1 Qd7 22. Be3 $1 Bxe3 23. Rxe3 {with a big advantage for White.
}) 21. Bc2 Qb5 22. Rad1 {Black lacks coordination due to the position of his
king and is therefore in serious trouble.} Bd5 23. Be3 Nc6 24. Bd3 $1 Qa4 25.
Bxb6 axb6 26. Bb1 {Now White is preparing Nd4 and b2-b3 highlighting the
weakness on b4.} Rg8 27. Nd4 Ne7 28. b3 Qa5 29. Qf4 {Threatening both Nxe6 and
Nc2xb4. White is winning.} Rc8 30. Nc2 Nc6 31. Ne3 Ne7 32. Rd4 Rc5 33. Red1 Nc6
34. R4d2 Ne7 35. Nc4 Qa7 36. Nd6 Nc6 37. Bg6 Nd8 38. Be4 {Eliminating Black's
strongest piece.} Nc6 39. Bxd5 exd5 40. e6 f6 41. Nf5 Ne7 42. Ne3 Qc7 43. Qxb4
Ke8 44. Qg4 Qc6 45. Nxd5 $1 Nxd5 46. Qg6+ Kd8 47. Qf7 Re8 48. Rxd5+ ({Because
of} 48. Rxd5+ Rxd5 49. Rxd5+ Qxd5 50. e7+ {Black resigned.}) 1-0

[Event "Bundesliga 0607"]
[Site "Germany"]
[Date "2006.12.09"]
[Round "5.3"]
[White "L'Ami, Erwin"]
[Black "Stellwagen, Daniel"]
[Result "1/2-1/2"]
[WhiteElo "2593"]
[BlackElo "2576"]
[Annotator "L'Ami,E"]
[PlyCount "124"]
[EventDate "2006.10.28"]
[EventType "team-tourn"]
[EventRounds "15"]
[EventCountry "GER"]
[SourceTitle "CBM 116"]
[Source "ChessBase"]
[SourceDate "2007.02.01"]
[SourceVersion "1"]
[SourceVersionDate "2007.02.01"]
[SourceQuality "1"]
[WhiteTeam "Katernberg"]
[BlackTeam "Solingen"]
[WhiteTeamCountry "GER"]
[BlackTeamCountry "GER"]

1. d4 d5 2. c4 c6 3. Nf3 Nf6 4. Nc3 e6 5. e3 Nbd7 6. Bd3 dxc4 7. Bxc4 b5 8. Bd3
Bb7 9. e4 b4 10. Na4 c5 11. e5 Nd5 12. O-O Rc8 {This move is not new but
hasn't been played that much. More common is 12...cxd4.} 13. Nxc5 Nxc5 14. dxc5
Bxc5 15. Ng5 Be7 16. Nxh7 $1 {I couldn't hold back now!} g6 ({The attempt to
trap the Black knight with} 16... Bc6 {doesn't work in view of} 17. Qg4 g6 18.
Ng5 Nf4 19. Qxf4 (19. Ba6 $5) 19... Bxg5 20. Qxg5 Qxd3 21. Be3 {with a clear
advantage,}) ({Better is} 16... a6 17. Qh5 (17. Qa4+ Qd7 18. Qxd7+ Kxd7 19. Bd2
Rxh7 $1 20. Bxh7 g6 {and Black is better.}) (17. Qg4 {isn't possible here
because of} g6 18. Ng5 Rxc1 $1) 17... g6 18. Qh6 Nc3 $1 (18... Bf8 19. Nf6+
Qxf6 20. Qxf8+ Kxf8 21. exf6 Nxf6 22. Bf4 {is slightly better for White.}) 19.
Qg7 (19. Bxg6 $6 Ne2+ 20. Kh1 Rg8 $1) 19... Rxh7 20. Qxh7 Qxd3 21. bxc3 Qf5 $1
{(threatening Bxg2)} 22. f3 bxc3 {and Black has reasonable compensation for
the exchange.}) 17. Bb5+ Bc6 18. Bxc6+ Rxc6 19. Qa4 Qd7 ({Because} 19... Qc7 {
allows} 20. Ng5 {and White is just a pawn up.}) 20. Nf6+ Nxf6 21. exf6 Bxf6 22.
Qxb4 {Here I felt quite happy, White is a pawn up and the only questions
remaining is wether Black can make a draw.} Rh4 23. Qb8+ Rc8 24. Qg3 Qc7 25.
Be3 Qxg3 26. hxg3 ({Instead} 26. fxg3 $5 Re4 27. Rxf6 Rxe3 28. Raf1 Rc7 {
is also a bit uncomfortable for Black but he should be able to hold.}) 26...
Ra4 $1 (26... Rb4 {looks more logical but runs into} 27. Rac1 $1 Rxc1 28. Rxc1
Rxb2 29. Rc8+ Kd7 30. Rf8 Be7 31. Rxf7 Ke8 32. Rg7 Rxa2 33. Rxg6 {with a big
advantage,}) 27. b3 Bxa1 28. bxa4 Be5 29. Bxa7 $6 ({This allows Black to make
a draw without much difficulty, better chances were offered by} 29. Rb1 {
for example:} Rc4 30. a5 Ra4 31. Rb5 Bd4 32. Rb8+ Ke7 33. Rb7+ Kf6 34. Bxd4+
Rxd4 35. Rxa7) 29... Ra8 30. Bc5 Rxa4 31. a3 Rc4 32. Bb4 Bd4 $1 {The White
bishop had to move from the g1-a7 diagonal and immideately his Black colleague
takes his place.} 33. Rd1 e5 34. g4 f5 35. gxf5 gxf5 36. Kf1 Kf7 37. Ke2 Ke6
38. Rd2 Rc1 $6 39. Ra2 $6 ({The way to profit from Black's inaccuracy was} 39.
f4 $1 {exchanging 1 pair of pawns in order to stabilize the kingside.}) 39...
Kd5 40. g3 Rh1 41. Bd2 $5 ({The last try, as} 41. Be1 Ke4 42. a4 f4 43. gxf4
exf4 44. Ra3 {allows a draw with} f3+ 45. Rxf3 Rxe1+ 46. Kxe1 Kxf3 {I decided
to lure the Black rook to h2.}) 41... Ke4 42. a4 Rh2 43. Be1 f4 44. gxf4 exf4
45. Ra3 Be3 $1 46. a5 f3+ 47. Kd1 Bxf2 $1 {When calculating 41.Bd2 I though
this move wasn't possible but Black seems to make a draw by force.} 48. Bxf2
Rxf2 49. a6 Rf1+ 50. Kd2 f2 51. Ke2 Rh1 52. Kxf2 Rh8 53. a7 Ra8 54. Ra5 Kd4 55.
Kf3 Kc4 56. Ke4 Kb4 57. Ra1 Kc5 58. Ke5 Kb6 59. Kd6 Rxa7 60. Rb1+ Ka5 61. Ra1+
Kb6 62. Rxa7 Kxa7 {a fighting draw!} 1/2-1/2

[Event "Biel SKA"]
[Site "Biel"]
[Date "1991.??.??"]
[Round "12"]
[White "Kozul, Zdenko"]
[Black "Lautier, Joel"]
[Result "0-1"]
[WhiteElo "2560"]
[BlackElo "2560"]
[Annotator "Lautier,J"]
[PlyCount "64"]
[EventDate "1991.07.??"]
[EventType "tourn"]
[EventRounds "14"]
[EventCountry "SUI"]
[EventCategory "15"]
[SourceTitle "CBM 025"]
[Source "ChessBase"]
[SourceDate "1991.12.01"]
[SourceVersion "1"]
[SourceVersionDate "1991.12.01"]
[SourceQuality "1"]

1. d4 {Ftacnik} d5 2. c4 c6 3. e3 Nf6 4. Nc3 e6 5. Nf3 Nbd7 6. Bd3 dxc4 7. Bxc4
b5 8. Bd3 Bb7 9. e4 b4 10. Na4 c5 11. e5 Nd5 12. O-O cxd4 13. Re1 a6 (13... Be7
{Ftacnik}) (13... g6 {Ftacnik}) 14. Re4 $2 (14. Nxd4 g6 15. Qg4 $6 Qa5 $1 (
15... Bg7 $2 16. Bg5 Qa5 17. Nxe6 $18) 16. b3 Bg7 $15) (14. Bg5 Qb8 $1 $13 (
14... Be7 15. Bxe7 Qxe7 (15... Nxe7 $2 16. Be4 Bxe4 17. Rxe4 Qa5 18. Rxd4 Nxe5
19. Nxe5 Qxe5 20. Nb6 $18) 16. Nxd4 $14)) 14... g6 15. Bg5 (15. Rxd4 Bg7 16.
Qe2 Qb8 $17) 15... Qa5 16. Nd2 (16. Nxd4 Bg7 17. Nf3 O-O 18. Rc1 Rac8 $17)
16... Bc6 $1 (16... N5b6 {Ftacnik} 17. Nxb6 Qxb6 18. Re2 $13) 17. Nc4 (17. Bc2
Bg7 $1 18. Nc4 Qc7 19. Nd6+ Kf8 $17) (17. b3 {Ftacnik} Bxa4 18. bxa4 Nc3 $17)
17... Qxa4 (17... Bxa4 $2 18. Nxa5 Bxd1 19. Rxd1 Bg7 20. Nc4 O-O 21. Bf1 $10)
18. b3 Nc3 $1 19. Qe1 (19. bxa4 $2 {Ftacnik} Nxd1 20. Rxd1 Bxe4 21. Bxe4 Rc8
$19) 19... Qb5 20. Nd6+ Bxd6 21. Bxb5 axb5 22. exd6 $2 (22. Rxd4 Bc5 (22...
Bxe5 $2 23. Rxd7) 23. Rh4 (23. Rd3 {Ftacnik} O-O $17) 23... O-O 24. Qd2 (24. a3
Nd5 $1 25. axb4 Bxb4 $19) 24... Rfc8 25. Bf6 Nxf6 26. exf6 Bf8 $17) 22... Bxe4
$19 23. Bh6 f6 24. f3 Bd5 25. Qh4 Kf7 26. Re1 Rxa2 27. Kh1 (27. Qxd4 {Ftacnik}
Ne2+ 28. Rxe2 Rxe2 29. Qa7 Rd8 30. Qc7 Ke8 31. Bg7 Ra8 $19) 27... Ne2 $1 (27...
e5 28. Qxd4 $1 Ra1 (28... exd4 $4 29. Re7+ Kg8 30. Rg7+ Kf8 31. Re7+ $10) 29.
Qd2) 28. h3 Ne5 29. Rf1 g5 (29... Rha8 $2 30. Be3 $1) 30. Qe1 (30. Qh5+ Ng6 31.
Qg4 Nef4 (31... Rc8 $19 {Ftacnik}) 32. Rg1 Ne5 33. Qg3 Ne2 $19) 30... Nd3 31.
Qb1 Rd2 32. Kh2 Nc3 $1 0-1